000 00650nam a2200193Ia 4500
003 GCL
008 140319s9999 xx 000 0 ara d
040 _aGCL /
_cGCL
082 0 4 _a621.89
_bع ل
100 1 _aعلى العباس البكرى
245 1 0 _aالالكترونيك والكمبيوتر فى سيارتك مع اجهزة الحماية من السرقة /
_cعلى العباس البكرى
260 _a[S.N] :
_bدار الراتب الجامعية
300 _a192 ص
490 _a
650 0 4 _aالسيارات
650 0 4 _aالدوائر الالكترونية
650 0 4 _aالالكترونيات
942 _2ddc
_cBK
999 _c55805
_d55805